Online
Catalog

El misterio de Dios / (Record no. 1485)

MARC details
000 -CABECERA
campo de control de longitud fija 01293nam a2200229Ka 4500
001 - NÚMERO DE CONTROL
campo de control 000001590
005 - FECHA Y HORA DE LA ÚLTIMA TRANSACCIÓN
campo de control 20200929145629.0
008 - DATOS DE LONGITUD FIJA--INFORMACIÓN GENERAL
campo de control de longitud fija 090623s2002 dr 001 0 spa d
040 ## - FUENTE DE LA CATALOGACIÓN
Centro catalogador/agencia de origen DO-SdBNP
Lengua de catalogación spa
Centro/agencia transcriptor BNPHU
082 ## - NÚMERO DE LA CLASIFICACIÓN DECIMAL DEWEY
Número de clasificación 200.71
Número de documento/Ítem P849m
100 1# - ENTRADA PRINCIPAL--NOMBRE DE PERSONA
Nombre de persona Portes Rodríguez, Andrés
9 (RLIN) 5216
245 13 - MENCIÓN DE TÍTULO
Título El misterio de Dios /
Mención de responsabilidad, etc. Andrés Portes Rodríguez.
246 13 - FORMA VARIANTE DE TÍTULO
Título propio/Titulo breve El misterio de Dios:
Resto del título el evangelio de la gracia
260 ## - PUBLICACIÓN, DISTRIBUCIÓN, ETC.
Lugar de publicación, distribución, etc. Santo Domingo :
Nombre del editor, distribuidor, etc. Triunfo Publicaciones,
Fecha de publicación, distribución, etc. 2002.
300 ## - DESCRIPCIÓN FÍSICA
Extensión 122 p. ;
Dimensiones 21 cm.
500 ## - NOTA GENERAL
Nota general Incluye datos biográficos del autor en la contracubierta
505 0# - NOTA DE CONTENIDO CON FORMATO
Nota de contenido con formato Introducción -- Primera parte: el misterio de Dios. El misterio de Dios. El misterio en la teología del apóstol Pablo. ¿Quiénes desean estudiar este misterio?. Comprendiendo el misterio (1ra. parte). Comprendiendo el misterio (2da. parte). El propósito del misterio -- Segunda parte: el evangelio de la gracia. ¿Qué es la gracia?. El Dios de la gracia. El centro de la gracia. La gracia y la obediencia. La gracia y la fe. La gracia y la justificación. La gracia y la vida cristiana.
650 #4 - PUNTO DE ACCESO ADICIONAL DE MATERIA--TÉRMINO DE MATERIA
Término de materia o nombre geográfico como elemento de entrada Religión
Subdivisión general Enseñanza
9 (RLIN) 5217
650 #4 - PUNTO DE ACCESO ADICIONAL DE MATERIA--TÉRMINO DE MATERIA
Término de materia o nombre geográfico como elemento de entrada Salvación
Subdivisión general Enseñanza bíblica
9 (RLIN) 1732
630 04 - PUNTO DE ACCESO ADICIONAL DE MATERIA--TÍTULO UNIFORME
Título uniforme BIBLIA
Nombre de parte o sección de la obra N. T.
-- EPÍSTOLAS DE SAN PABLO
Subdivisión general TEOLOGÍA
9 (RLIN) 5218
650 #4 - PUNTO DE ACCESO ADICIONAL DE MATERIA--TÉRMINO DE MATERIA
Término de materia o nombre geográfico como elemento de entrada Gracia (teología)
9 (RLIN) 5219
Holdings
Estado de retiro Estado de pérdida Restricciones de uso No para préstamo Código de colección Localización permanente Ubicación/localización actual Ubicación en estantería Fecha de adquisición Número de inventario Total de préstamos Signatura topográfica completa Código de barras Fecha visto por última vez Número de copia Precio válido a partir de Tipo de ítem Koha
        Dominicana de Servicio General General Depósito 21.06.2013 LF1   200.71 P849m 1590-30 25.06.2020 e. 3 25.06.2020 Libro y Folleto Colección Dominicana de Servicio
        Patrimonio Dominicano Patrimonio Dominicano Patrimonio Dominicano Depósito 22.09.2009 LF1   200.71 P849m 1590-10 25.06.2020   25.06.2020 Libro y Folleto Colección Patrimonio Dominicano
      Excluido de préstamo Patrimonio Dominicano Patrimonio Dominicano Patrimonio Dominicano Depósito 21.06.2013 LF1   200.71 P849m 1590-20 25.06.2020 e. 2 25.06.2020 Libro y Folleto Colección Patrimonio Dominicano

Powered by Koha